Piłkarska kariera Robbiego Fowlera. - Statystyki

Ogólne statystyki
  • Ten quiz został rozwiązany 26 razy
  • Średni wynik to 4 z 10
Statystyki odpowiedzi
Lata Drużyna % Poprawnych
1993-2001 Liverpool
96%
2006-2007 Liverpool
96%
2003-2006 Manchester City
78%
2001-2003 Leeds
39%
2008-2008 Blackburn
30%
2007-2008 Cardiff
13%
2010-2011 Perth Glory
9%
2011-2012 Muangthong United
4%
2012-2012 Kolkata
0%
2009-2010 Nothern Fury
0%
Nie znaleziono quizów pasujących do podanych kryteriów
Rozkład punktacji
Procent ludzi z każdym wynikiem
Percentyl według liczby udzielonych odpowiedzi
Twoja historia wyników
Nie rozwiązałeś tego quizu